000 00631nam a2200169 i 4500
001 85015
003 ES-MaACL
005 20230906175150.0
007 t|
008 041124s1945 sp ||||1| spa d
100 1 _aJos, Emiliano.
_966965
245 1 0 _aInvestigaciones sobre la vida y obras iniciales de D. Fernando Colón /
_cEmiliano Jos.
260 _aSevilla :
_b[Consejo Superior de Investigaciones Científicas],
_c1945 (
_fEditorial Católica Española)
300 _aXVIII, 164 p., 4 lám. ;
_c25 cm.
710 2 _aConsejo Superior de Investigaciones Científicas (España)
_93236
852 _aES-MaACL
_j1675-F-10
_bR.21849
999 _c85015
_d85015